| 000 | 00419cam a2200181ua 4500 | ||
|---|---|---|---|
| 020 | _c1 | ||
| 041 |
_amal _h |
||
| 082 |
_a894.812301 _bJAN/YA |
||
| 100 | _aJanardhanan, K . | ||
| 245 |
_aYadharthangal / _cK Janardhanan. _hTextual Documents |
||
| 250 |
_a1 / _b. |
||
| 260 |
_aTrivandrum : _bV V Book depot , _c1959. |
||
| 300 | _a80 ; . | ||
| 365 | _a1 | ||
| 504 | _a | ||
| 942 | _cBK | ||
| 999 |
_c11673 _d11673 |
||